| 000 | 00915cam a22002537a 4500 | ||
|---|---|---|---|
| 001 | 15637685 | ||
| 005 | 20150120142547.0 | ||
| 008 | 090225s2008 xxka frb f001 0 eng d | ||
| 010 | _a2009275868 | ||
| 020 | _a9780521868532 | ||
| 040 |
_aUKM _cUKM _dBTCTA _dBAKER _dYDXCP _dBWKUK _dBWK _dIXA _dDLC _dEG-ScBUE |
||
| 082 | 0 | 0 |
_a621.367 _222 _bTRU |
| 100 | 1 |
_aTrussell, H. J. _q(H. Joel) _937284 |
|
| 245 | 1 | 0 |
_aFundamentals of digital imaging / _cH. J. Trussell and M. J. Vrhel. |
| 260 |
_aCambridge, Unite dKingdom ; _aNew York, United States : _bCambridge University Press, _c2008. |
||
| 300 |
_axvii, 532 p. : _bill. (col.) ; _c26 cm. |
||
| 500 | _aIndex : p. 527-532. | ||
| 504 | _aBibliography : p. 512-526. | ||
| 650 | 0 |
_aImage processing _xDigital techniques _94647 |
|
| 653 |
_bENGELC _cJanuary2015 |
||
| 655 |
_vreading book _934232 |
||
| 700 | 1 |
_aVrhel, M. J. _q(Michael J.) _937285 |
|
| 942 |
_2ddc _k621.367 TRU |
||
| 999 |
_c18918 _d18890 |
||